Anyone but George W. Bush Quiz Stats

 Plays Quiz Updated Jul 13, 2017

Challenge
Share
Tweet
Embed
Score 0/38 Timer 04:00
10 Plays Today
% Correct
Barack Obama
94.3%
Barack Obama
94.2%
Barack Obama (Hawaii)
94.2%
Franklin D. Roosevelt
92.6%
Theodore Roosevelt
92.5%
John Adams
92.5%
Theodore Roosevelt
92.4%
John Quincy Adams
92.4%
George H. W. Bush
91%
George H. W. Bush
91%
George H. W. Bush
91%
George H. W. Bush
91%
Lyndon B. Johnson
86.7%
Andrew Johnson
86.7%
William H. Taft
83.6%
William H. Taft
83.6%
William H. Taft
83.6%
Gerald Ford
83.2%
Gerald Ford
83.2%
% Correct
Gerald Ford (Nebraska)
83.2%
Bill Clinton
82.5%
Bill Clinton (Arkansas)
82.5%
James K. Polk
78.8%
Abraham Lincoln (Kentucky)
74.7%
Ronald Reagan (Illinois)
73.9%
Richard Nixon (California)
72.9%
Jimmy Carter (Georgia)
72.5%
William H. Harrison
71.7%
Benjamin Harrison
71.7%
Andrew Jackson (South Carolina)
69.1%
Woodrow Wilson
68.1%
James Buchanan
65.2%
James Buchanan (Pennsylvania)
65.2%
Herbert Hoover (Iowa)
64.8%
Harry S Truman (Missouri)
64.2%
Martin Van Buren
60.9%
Grover Cleveland (New Jersey)
54.7%
Franklin Pierce (New Hampshire)
48.8%

You're not logged in!

Compare scores with friends on all Sporcle quizzes.
Join for Free
OR
Log In

You Might Also Like...

Show Comments

Extras

Top Quizzes Today


Score Distribution

Your Account Isn't Verified!

In order to create a playlist on Sporcle, you need to verify the email address you used during registration. Go to your Sporcle Settings to finish the process.

Report this User

Report this user for behavior that violates our Community Guidelines.

Details: